| 000 | 00961nam a22003137a 4500 | ||
|---|---|---|---|
| 001 | BR8403193 | ||
| 003 | BR-BrBNA | ||
| 005 | 20230928091935.0 | ||
| 007 | ta | ||
| 008 | 230509b bl.||||| |||| 00| 0 por d | ||
| 040 |
_aBR-BrBNA _bpor _cBiblioteca Nacional de Agricultura |
||
| 041 | _a(Por) | ||
| 072 |
_aK20 _b/G514 |
||
| 090 | _ K20 BR8403193 | ||
| 100 | 1 | _aAvena Filho, A. | |
| 110 | 1 | _aAssociacao Brasileira de Carvao Vegetal, Belo Horizonte, MG | |
| 111 | 1 |
_aLenha e Carvao Vegetal Energeticos Renovaveis _cSalvador, BA (Brazil) _d15-17 Aug 1984 |
|
| 245 | 1 | _aPerspectiva da atividade florestal na Bahia [Brasil] | |
| 260 | 3 |
_aSalvador, BA (Brasil): _c1984. |
|
| 300 | _a12 p. | ||
| 500 | _a3 tables; Map, scale 1:200,000 | ||
| 650 | _aREFLORESTAMENTO | ||
| 650 | _aPOLITICA FLORESTAL | ||
| 650 | _aRECURSO ENERGETICO | ||
| 650 | _aDESENVOLVIMENTO FLORESTAL | ||
| 650 | _aBAHIA | ||
| 909 |
_a202309 _bLucia _c55 _dLucia Elande |
||
| 942 | _cBK | ||
| 999 |
_c36313 _d36313 |
||